| 000 | 01196nam0a22002891 4500 | ||
|---|---|---|---|
| 001 | RU\NLR\INFOCOMM_190\5000067322 | ||
| 005 | 20250613095133.0 | ||
| 035 | _a(NLR Aleph) 009286433 | ||
| 090 |
_a9193113 _c9193113 |
||
| 100 | _a20100922d1934 |||y0rusy50 ca | ||
| 101 | 0 | _aeng | |
| 102 | _aRU | ||
| 105 | _ay ||||000|y | ||
| 200 | 1 |
_aHerr Eugen Dühring's revolution in science _e(Anti-Dühring) _fBy Frederick Engels |
|
| 210 |
_aΜ. _aL. _cCo-operative publ. society of foreign workers in the U.S.S.R. _d1934 |
||
| 215 |
_a364 с. _d22 см |
||
| 225 | 1 | _aMarxist-Leninist library | |
| 300 | _aПеревод загл.: Анти-Дюринг. Переворот в науке, произведенный господином Евгением Дюрингом | ||
| 541 | 1 |
_aАнти-Дюринг _eПереворот в науке, произведенный господином Евгением Дюрингом _zrus |
|
| 686 |
_aМл182 _2rubbk |
||
| 700 | 1 |
_9z01790 _aEngels _bF. _f1820-1895 _gFriedrich _4070 |
|
| 790 | 1 |
_9z01700 _aEngels _bF. _gFrederick _4070 |
|
| 801 | 1 |
_aRU _bNLR _c20100922 |
|
| 801 | 0 |
_aRU _bNLR _gPSBO |
|
| 852 |
_aNLR _jМЭ 102-77/1-1 _y2 экз. |
||
| 942 | _cBOOK | ||
| 980 | _aNB | ||